[Event "Rio de Janeiro Duchamp op 5th"]
[Site "Rio de Janeiro"]
[Date "2024.12.07"]
[Round "8"]
[White "Mattos, Bernardo Cunha"]
[Black "Morais, Wagner Soares"]
[Result "0-1"]
[WhiteElo "1735"]
[BlackElo "1901"]
[PlyCount "33"]
[EventDate "2024.12.02"]
[EventType "swiss"]
[EventRounds "9"]
[EventCountry "BRA"]
[SourceTitle "CB50_2024"]
[SourceDate "2024.11.01"]
[SourceVersion "1"]
[SourceVersionDate "2024.11.01"]
[SourceQuality "2"]

1. c4 g6 2. Nc3 Bg7 3. e4 c5 4. Nf3 Nc6 5. g3 a6 6. Bg2 b5 7. cxb5 axb5 8. 0-0 b4 9. Nd5 e6 10. Ne3 Ba6 11. d3 Nge7 12. Qc2 d6 13. Bd2 0-0 14. Rac1 Qb8 15. Ng4 Qb5 16. Qc4 Qxc4 17. dxc4 0-1

[Event "Rio de Janeiro Duchamp op 5th"]
[Site "Rio de Janeiro"]
[Date "2024.12.03"]
[Round "3"]
[White "Mattos, Bernardo Cunha"]
[Black "Andriska, Matheus Jose Amante"]
[Result "1/2-1/2"]
[WhiteElo "1735"]
[BlackElo "1543"]
[PlyCount "82"]
[EventDate "2024.12.02"]
[EventType "swiss"]
[EventRounds "9"]
[EventCountry "BRA"]
[SourceTitle "CB50_2024"]
[SourceDate "2024.11.01"]
[SourceVersion "1"]
[SourceVersionDate "2024.11.01"]
[SourceQuality "2"]

1. c4 e6 2. Nc3 Nf6 3. e4 d5 4. e5 d4 5. exf6 dxc3 6. bxc3 Qxf6 7. d4 e5 8. Qe2 Be7 9. Qxe5 Qxe5+ 10. dxe5 Nc6 11. Bf4 Bf5 12. Rd1 Rd8 13. Rxd8+ Kxd8 14. Kd2 Kc8 15. Ne2 Rd8+ 16. Ke1 Bc2 17. Ng3 g5 18. Be3 Nxe5 19. Bd4 Nc6 20. Kd2 Nxd4 21. cxd4 Bg6 22. Ne2 Bb4+ 23. Kc1 Re8 24. Kb2 Bd3 25. Ng3 Bg6 26. Be2 Kd7 27. Rd1 f5 28. a3 Bd6 29. Bd3 f4 30. Nf5 Rf8 31. Nxd6 Kxd6 32. Bxg6 hxg6 33. Re1 Kd7 34. Kc3 g4 35. Re5 g3 36. hxg3 f3 37. gxf3 Rxf3+ 38. Re3 Rxf2 39. d5 g5 40. Kd4 g4 41. Ke4 Rf3 1/2-1/2

[Event "Rio de Janeiro Duchamp op 5th"]
[Site "Rio de Janeiro"]
[Date "2024.12.02"]
[Round "2"]
[White "Lopes, Eduardo Moraes"]
[Black "Mattos, Bernardo Cunha"]
[Result "1-0"]
[WhiteElo "1902"]
[BlackElo "1735"]
[PlyCount "31"]
[EventDate "2024.12.02"]
[EventType "swiss"]
[EventRounds "9"]
[EventCountry "BRA"]
[SourceTitle "CB50_2024"]
[SourceDate "2024.11.01"]
[SourceVersion "1"]
[SourceVersionDate "2024.11.01"]
[SourceQuality "2"]

1. e4 c5 2. Nf3 e6 3. c3 d5 4. exd5 Qxd5 5. d4 Nf6 6. Na3 cxd4 7. Nb5 Na6 8. Nbxd4 Nc7 9. Bd3 e5 10. Qe2 Bd6 11. Nb5 Nxb5 12. Bxb5+ Bd7 13. Bc4 Qc5 14. Bg5 Nh5 15. Be3 Qa5 16. Ng5 1-0

[Event "Rio de Janeiro op 3rd"]
[Site "Rio de Janeiro"]
[Date "2024.04.25"]
[Round "5"]
[White "Mattos, Bernardo Cunha"]
[Black "Romanov, Ivan"]
[Result "1-0"]
[WhiteElo "1710"]
[BlackElo "1773"]
[PlyCount "59"]
[EventDate "2024.04.22"]
[EventType "swiss"]
[EventRounds "9"]
[EventCountry "BRA"]
[SourceTitle "CBM 219 Extra"]
[Source "ChessBase"]
[SourceDate "2024.05.31"]
[SourceVersion "1"]
[SourceVersionDate "2024.05.31"]
[SourceQuality "1"]

1. c4 e5 2. Nc3 Nc6 3. Nf3 Nf6 4. e4 Bb4 5. d3 d6 6. a3 Bxc3+ 7. bxc3 0-0 8. g3 Bg4 9. Bg2 Re8 10. h3 Bxf3 11. Qxf3 a6 12. 0-0 b5 13. cxb5 axb5 14. Be3 h6 15. Rfb1 Rb8 16. Rb2 Na5 17. Rab1 Qd7 18. Bxh6 c5 19. c4 b4 20. axb4 cxb4 21. Bd2 Qa7 22. Bxb4 Qa6 23. Qe2 Rb7 24. Ra1 Rxb4 25. Rxb4 Ra8 26. Rba4 Nd7 27. Rxa5 Qxa5 28. Rxa5 Rxa5 29. Qg4 Ra3 30. Qxd7 1-0

[Event "Rio de Janeiro op 3rd"]
[Site "Rio de Janeiro"]
[Date "2024.04.22"]
[Round "1"]
[White "Mattos, Bernardo Cunha"]
[Black "Zacarias, Rodrigo Medeiros"]
[Result "0-1"]
[WhiteElo "1710"]
[BlackElo "2101"]
[PlyCount "68"]
[EventDate "2024.04.22"]
[EventType "swiss"]
[EventRounds "9"]
[EventCountry "BRA"]
[SourceTitle "CBM 219 Extra"]
[Source "ChessBase"]
[SourceDate "2024.05.31"]
[SourceVersion "1"]
[SourceVersionDate "2024.05.31"]
[SourceQuality "1"]

1. c4 Nf6 2. Nc3 c6 3. Nf3 d5 4. e3 e6 5. b3 Nbd7 6. Bb2 Bd6 7. Qc2 0-0 8. Rg1 e5 9. cxd5 cxd5 10. Nb5 Qe7 11. Nxd6 Qxd6 12. a4 e4 13. Ba3 Qb8 14. Bxf8 Nxf8 15. Nd4 Qxh2 16. Ne2 Bg4 17. f3 exf3 18. gxf3 Bxf3 19. 0-0-0 Bxe2 20. Bxe2 Qxe2 21. Qc7 Qa6 22. Kb2 Ng6 23. Rc1 Re8 24. Qc3 Qe6 25. Qc7 Ne5 26. Ka3 Ne4 27. Qxb7 Nxd2 28. Qxa7 d4 29. Qb7 dxe3 30. a5 Qd6+ 31. Ka4 Nd3 32. Rc2 Re4+ 33. Qxe4 Nb2+ 34. Kb5 Qb8+ 0-1

[Event "Sao Paulo Sampa op"]
[Site "Sao Paulo"]
[Date "2024.02.03"]
[Round "7"]
[White "Leon Lopes, Sergio Amadeus"]
[Black "Mattos, Bernardo Cunha"]
[Result "1-0"]
[WhiteElo "1858"]
[BlackElo "1567"]
[PlyCount "109"]
[EventDate "2024.01.29"]
[EventType "swiss"]
[EventRounds "9"]
[EventCountry "BRA"]
[SourceTitle "EXT 2025"]
[Source "ChessBase"]
[SourceDate "2024.10.14"]
[SourceVersion "1"]
[SourceVersionDate "2024.10.14"]
[SourceQuality "1"]

1. c4 e6 2. Nc3 d5 3. e3 c5 4. cxd5 exd5 5. d4 Nc6 6. Nf3 Nf6 7. Bb5 Be7 8. Ne5 Bd7 9. 0-0 0-0 10. Nxd7 Qxd7 11. Ne2 a6 12. Bd3 c4 13. Bb1 b5 14. Ng3 g6 15. Qe2 Bd6 16. Rd1 Rfe8 17. Qf3 Qe6 18. Bd2 Ne4 19. Nxe4 dxe4 20. Qe2 Qd5 21. b3 Bb4 22. bxc4 Qxc4 23. Qxc4 bxc4 24. a3 Bxd2 25. Rxd2 Na5 26. Ba2 Rec8 27. Rb1 c3 28. Rc2 Rab8 29. Rb4 Kg7 30. h4 Rxb4 31. axb4 Nb7 32. Bd5 Nd6 33. f3 f5 34. fxe4 Nxe4 35. Bb7 Rc4 36. Bxe4 fxe4 37. g4 Kf6 38. Kf2 h6 39. Ke1 g5 40. h5 Ke6 41. Kd1 Kd6 42. Re2 Rc6 43. Ra2 c2+ 44. Kc1 Rc3 45. Rxa6+ Ke7 46. Rxh6 Rxe3 47. Rg6 Rd3 48. Rxg5 Rxd4 49. h6 Kf7 50. h7 Rd8 51. Rg8 Rxg8 52. hxg8Q+ Kxg8 53. Kxc2 Kf7 54. Kd2 Kf6 55. Ke3 1-0

[Event "Niteroi op 3rd"]
[Site "Niteroi"]
[Date "2023.09.07"]
[Round "6"]
[White "Nascimento, Daniel Rojas"]
[Black "Mattos, Bernardo Cunha"]
[Result "1-0"]
[WhiteElo "1909"]
[BlackElo "1517"]
[PlyCount "57"]
[EventDate "2023.09.04"]
[EventType "swiss"]
[EventRounds "9"]
[EventCountry "BRA"]
[SourceTitle "CBM 216 Extra"]
[Source "ChessBase"]
[SourceDate "2023.11.30"]
[SourceVersion "1"]
[SourceVersionDate "2023.11.30"]
[SourceQuality "1"]

1. e4 c5 2. Nf3 e6 3. d3 Nc6 4. Nbd2 Nf6 5. g3 d5 6. Bg2 Be7 7. 0-0 0-0 8. Re1 d4 9. e5 Nd5 10. a4 b6 11. h4 Bb7 12. Nc4 a6 13. Bg5 Qc7 14. Bxe7 Ncxe7 15. Nd6 Nc8 16. Nxb7 Qxb7 17. Ng5 Nce7 18. Qh5 h6 19. Ne4 Qd7 20. a5 Rab8 21. Nd6 Nc8 22. Ne4 Nce7 23. axb6 Rxb6 24. Nxc5 Qc6 25. Ne4 Qxc2 26. Nf6+ gxf6 27. exf6 Rxb2 28. Rf1 Qxd3 29. fxe7 1-0

[Event "Niteroi op 3rd"]
[Site "Niteroi"]
[Date "2023.09.05"]
[Round "2"]
[White "Santos, Alan Gomes Florenci"]
[Black "Mattos, Bernardo Cunha"]
[Result "0-1"]
[WhiteElo "1722"]
[BlackElo "1517"]
[PlyCount "93"]
[EventDate "2023.09.04"]
[EventType "swiss"]
[EventRounds "9"]
[EventCountry "BRA"]
[SourceTitle "CBM 216 Extra"]
[Source "ChessBase"]
[SourceDate "2023.11.30"]
[SourceVersion "1"]
[SourceVersionDate "2023.11.30"]
[SourceQuality "1"]

1. d4 d5 2. Nf3 Nf6 3. c4 e6 4. cxd5 exd5 5. Nc3 c6 6. Bf4 Bf5 7. e3 Bb4 8. a3 Bxc3+ 9. bxc3 Ne4 10. Qb3 Qb6 11. Qxb6 axb6 12. c4 0-0 13. cxd5 cxd5 14. Nd2 Nc3 15. Be2 Nd7 16. Bf3 Bd3 17. Bd6 Rfc8 18. Bb4 Nf6 19. Bd1 Nxd1 20. Rxd1 Ne4 21. f3 Nc3 22. Rc1 Na2 23. Rxc8+ Rxc8 24. Nf1 Nxb4 25. axb4 Rc4 26. Kd2 Bg6 27. Ng3 Rc2+ 28. Ke1 Rxg2 29. Ne2 Bd3 30. Nf4 Ra2 31. Nxd3 Ra1+ 32. Kd2 Rxh1 33. Nf4 Rxh2+ 34. Kd3 Rh6 35. Nxd5 Rd6 36. Nf4 g5 37. Ne2 h5 38. e4 f6 39. b5 h4 40. Ng1 Kf7 41. d5 Rd8 42. Nh3 Ke7 43. Kd4 Kd6 44. Nf2 Rh8 45. Ng4 h3 46. Nh2 Rh4 47. Ke3 0-1

[Event "Niteroi op 3rd"]
[Site "Niteroi"]
[Date "2023.09.04"]
[Round "1"]
[White "Mattos, Bernardo Cunha"]
[Black "Souza, Iago Henrique Da Si"]
[Result "0-1"]
[WhiteElo "1517"]
[BlackElo "2037"]
[PlyCount "49"]
[EventDate "2023.09.04"]
[EventType "swiss"]
[EventRounds "9"]
[EventCountry "BRA"]
[SourceTitle "CBM 216 Extra"]
[Source "ChessBase"]
[SourceDate "2023.11.30"]
[SourceVersion "1"]
[SourceVersionDate "2023.11.30"]
[SourceQuality "1"]

1. c4 c6 2. Nc3 d5 3. e3 e5 4. cxd5 cxd5 5. d4 e4 6. Nge2 Nf6 7. Nf4 Nc6 8. a3 a6 9. Be2 Be7 10. 0-0 0-0 11. Qb3 Na5 12. Qa2 Bd6 13. Ncxd5 Nxd5 14. Qxd5 g5 15. Qxe4 Re8 16. Qf3 gxf4 17. exf4 Bf5 18. Bd2 Be4 19. Qg4+ Kh8 20. f3 Bc2 21. Bd1 Bxd1 22. Raxd1 Nc4 23. f5 Nxd2 24. Rxd2 Be7 25. Rd3 0-1

[Event "BRA Amateur-ch U1400"]
[Site "Sao Paulo"]
[Date "2022.11.06"]
[Round "7"]
[White "Marmilli, Matheus Bellentani"]
[Black "Mattos, Bernardo Cunha"]
[Result "1-0"]
[WhiteElo "1812"]
[BlackElo "1800"]
[PlyCount "97"]
[EventDate "2022.11.03"]
[EventType "swiss"]
[EventRounds "7"]
[EventCountry "BRA"]
[SourceTitle "CBM 211 Extra"]
[Source "ChessBase"]
[SourceDate "2023.01.31"]
[SourceVersion "1"]
[SourceVersionDate "2023.01.31"]
[SourceQuality "1"]

1. d4 d5 2. c4 e6 3. Nc3 Nf6 4. Bg5 Be7 5. Nf3 0-0 6. e3 b6 7. Be2 dxc4 8. Bxc4 Bb7 9. 0-0 Nbd7 10. Rc1 c5 11. dxc5 Nxc5 12. Be2 h6 13. Bh4 Rc8 14. Qxd8 Rfxd8 15. Rfd1 a5 16. a3 a4 17. Rxd8+ Rxd8 18. Rd1 Rxd1+ 19. Bxd1 Bc6 20. Nd4 Bd7 21. Bg3 Nce4 22. Bxa4 Nxc3 23. Bxd7 Nxd7 24. bxc3 Bxa3 25. Nb5 Bc5 26. Bd6 Bxd6 27. Nxd6 Kf8 28. Kf1 Ke7 29. Nc4 Kd8 30. Ke2 Kc7 31. Kd3 Kc6 32. Kd4 Nc5 33. Ne5+ Kd6 34. Nxf7+ Ke7 35. Ne5 Kd6 36. Nd3 Nd7 37. f4 Nf6 38. Ne5 Nd5 39. g3 b5 40. e4 Ne7 41. Nf7+ Kc6 42. Nd8+ Kd7 43. Nb7 Kc7 44. Na5 Kb6 45. Nb3 Nc6+ 46. Kd3 g6 47. Nd4 Nd8 48. Nf3 Nb7 49. Kd4 1-0

[Event "BRA Amateur-ch U1400"]
[Site "Sao Paulo"]
[Date "2022.11.05"]
[Round "6"]
[White "Mattos, Bernardo Cunha"]
[Black "Bortoletto, Thiago Namidomi"]
[Result "1-0"]
[WhiteElo "1800"]
[BlackElo "1800"]
[PlyCount "97"]
[EventDate "2022.11.03"]
[EventType "swiss"]
[EventRounds "7"]
[EventCountry "BRA"]
[SourceTitle "CBM 211 Extra"]
[Source "ChessBase"]
[SourceDate "2023.01.31"]
[SourceVersion "1"]
[SourceVersionDate "2023.01.31"]
[SourceQuality "1"]

1. c4 e5 2. Nc3 Nc6 3. Nf3 Bb4 4. e4 Nf6 5. d3 Bxc3+ 6. bxc3 d6 7. Be2 Qe7 8. 0-0 Bg4 9. h3 Bh5 10. Bg5 h6 11. Bh4 g5 12. Bg3 g4 13. Nh2 Qe6 14. hxg4 Bg6 15. f4 exf4 16. Bxf4 0-0-0 17. g5 Ng8 18. gxh6 Kb8 19. Qd2 Rh7 20. Rab1 f5 21. exf5 Bxf5 22. Bf3 Nge7 23. Bg5 b6 24. Bxc6 Nxc6 25. Bxd8 Nxd8 26. Rbe1 Qg6 27. Rf3 Rxh6 28. Rxf5 Rxh2 29. Kxh2 Qxf5 30. Kg1 Qc5+ 31. Qf2 Qa3 32. Re8 Qc1+ 33. Qe1 Qg5 34. Qe3 Qf6 35. Qe7 Qxe7 36. Rxe7 Nc6 37. Rh7 Ne5 38. Rh3 Kb7 39. d4 Ng6 40. Kf2 a5 41. Rg3 Nf4 42. Kf3 Ne6 43. Rg8 c5 44. d5 Kc7 45. dxe6 b5 46. e7 bxc4 47. e8Q Kb7 48. Rg7+ Ka6 49. Qc6# 1-0

[Event "BRA Amateur-ch U1400"]
[Site "Sao Paulo"]
[Date "2022.11.04"]
[Round "4"]
[White "Bianchini, Marlon"]
[Black "Mattos, Bernardo Cunha"]
[Result "1-0"]
[WhiteElo "1183"]
[BlackElo "1800"]
[PlyCount "75"]
[EventDate "2022.11.03"]
[EventType "swiss"]
[EventRounds "7"]
[EventCountry "BRA"]
[SourceTitle "CBM 211 Extra"]
[Source "ChessBase"]
[SourceDate "2023.01.31"]
[SourceVersion "1"]
[SourceVersionDate "2023.01.31"]
[SourceQuality "1"]

1. e4 c5 2. Nf3 e6 3. d4 cxd4 4. Nxd4 Nf6 5. Nc3 Nc6 6. Be2 Bb4 7. 0-0 Bxc3 8. bxc3 Nxe4 9. Nxc6 bxc6 10. Qd4 Nf6 11. Ba3 d5 12. c4 Ba6 13. Rfd1 Qc7 14. Bd3 Rd8 15. cxd5 Rxd5 16. Qa4 Bxd3 17. Rxd3 Nd7 18. Qh4 Nf6 19. Bb2 Rh5 20. Qg3 Qxg3 21. hxg3 0-0 22. Ra3 a5 23. Rd1 h6 24. Bxf6 gxf6 25. Rc3 Rd5 26. Rxd5 cxd5 27. Rc5 a4 28. Kf1 Rb8 29. Ra5 Rb2 30. Rxa4 Rxc2 31. Ra8+ Kg7 32. a4 d4 33. a5 d3 34. Ke1 Ra2 35. a6 e5 36. a7 Kg6 37. Rg8+ Kf5 38. a8Q 1-0